00568nam a2200157 4500003001100000005001700011008004100028040003900069041000800108082001600116245009800132260009200230300001500322650003600337650003700373LK-CoMWRAF20240315153925.0240201b2005 |||||||| |||| 00| 0 eng d aLK-CoMWRAFdLK-CoMWRAFeLK-CoMWRAF aeng a371.42bNAT aNational vocational qualifications framework of Sri Lanka :boperational manual- January 2005 aColombo :bMinistry of skills development, vocational and technical education, c[2005] a90 p.,ill. aVOCATIONAL EDUCATIION-Sri Lanka aVocational education-guide books